000 01080cam a22002531 4500
001 g 01000684
003 DLC
005 20260227111252.0
008 770506s1851 gw d 000 0 lat
010 _ag 01000684
035 _a(OCoLC)2945535
040 _aDLC
_cGEU
_dGEU
_dOCoLC
_dDLC
041 0 _alatang
050 0 0 _aPT1371
_b.B6 Abt. 1 Bd. 29
051 _aPE281.L5
_bE7
100 1 _aEttmüller, Ludwig,
_d1802-1877.
245 1 0 _aVorda vealhstôd Engla and Seaxna.
_bLexicon anglo-saxonicum ex poëtarum scriptorumque prosaicorum operibus nec non lexicis anglosaxonicis collectum, cum synopsi grammatica
_cedidit Ludovicus Ettmüllerus ...
260 _aQuedlinburgii,
_aLipsiæ,
_btypis et expensis G. Bassii; [etc., etc.]
_c1851.
300 _alxxi, 767, [1] p.
_c22 cm.
490 0 _aBibliothek der gesammten deutschen national-literatur ...
_v[1. abth.] 29. Bd.
650 0 _aEnglish language
_yOld English, ca. 450-1100
_vDictionaries
_xLatin.
650 0 _aLatin language
_vDictionaries
_xEnglish.
650 0 _aEnglish language
_yOld English, ca. 450-1100
_xGrammar.
999 _c23536
_d23536